000 01178nam a2200229Ia 4500
001 L235-8101
003 IT-CnALBA
008 170116s9999||||xx |||||||||||||| ||und||
040 _aIT-CnALBA
_cIT-CnALBA
041 _aITALIANO
100 _aFORNASARI D. EUGENIO, SSP.
245 0 _aLA GRANDE PROMESSA DI FATIMA. I PRIMI CINQUE SABATI IN ONORE DEL CUORE IMMACOLATO DI MARIA.
250 _a12a ed.
260 _aCINISELLO BALSAMO (MI)
_bEDIZIONI PAOLINE
_c1971 [1° Ed.: n.d.]
300 _a204 p. (prefazione: 38)
500 _aFATIMA E LA GRANDE PROMESSA. DEVOZIONE ALLA MADONNA. ROSARIO. I CINQUE PRIMI SABATI DEL MESE. I MISTERI GAUDIOSI, DOLOROSI, GLORIOSI. CELEBRAZIONE DELLA PAROLA NEI MISTERI GAUDIOSI. PRATICHE DEVOTE DI PIETÀ.
501 _aSocietà San Paolo EM - Piazza San Paolo, 14 - 12051 ALBA (CN) (non commercial uses only) ® Copyright 2017
520 _aFATIMA E LA GRANDE PROMESSA. DEVOZIONE ALLA MADONNA. ROSARIO. I CINQUE PRIMI SABATI DEL MESE. I MISTERI GAUDIOSI, DOLOROSI, GLORIOSI. CELEBRAZIONE DELLA PAROLA NEI MISTERI GAUDIOSI. PRATICHE DEVOTE DI PIETÀ.
650 _aMARIA SS. ANGELI SANTI DEMONI
942 _cBK
957 _71
999 _a9077
_bNO
_g Copie: 1
_c267279
_d267279